000 00581nam a2200133Ia 4500
008 220615s9999||||xx |||||||||||||| ||und||
020 _a9782890000000
245 0 _aVeterinary Sports Medicine and Physical Rehabilitation
546 _aEnglish[eng]
650 _arehabilitation||physical therapy||sports medicine||orthopedics||neurology
700 _aJaffe, Michael||Levine, David||Marcellin-Little, Denis J.||Steven Adair, Henry||Kaneps, Andris J.
856 _uhttps://www.frontiersin.org/research-topics/6359/veterinary-sports-medicine-and-physical-rehabilitation
942 _cEB
999 _c12817
_d12817